2024 Men's T20 World Cup Teams (Cricket) - Statistics

General Stats
  • This quiz has been taken 162 times
  • The average score is 17 of 20
Answer Stats
Team % Correct
India
99%
Australia
96%
England
96%
United States
96%
Pakistan
95%
South Africa
94%
New Zealand
93%
Afghanistan
89%
Canada
87%
Sri Lanka
86%
Bangladesh
85%
West Indies
84%
Ireland
83%
Scotland
82%
Netherlands
79%
Nepal
70%
Namibia
69%
Oman
66%
Papua New Guinea
66%
Uganda
61%
No matching quizzes found
Score Distribution
Percent of People with Each Score
Percentile by Number Answered
Your Score History
You have not taken this quiz